000 00749nam a22002057a 4500
005 20240530110540.0
008 160507s2015 ua ||||g b||| 00| 0 a d
020 _a978977281518X
040 _aEG-CaGPL
082 0 4 _a364.1 /
_bهـ ا
_221
100 0 _aهديل مصطفى مصطفى الخولى
245 1 2 _aالارهاب عبر الشبكة العنكبوتية /
_cتأليف هديل مصطفى مصطفى الخولى.
260 _aالقاهرة :
_bالمكتبة الاكاديمة،
_c2014.
300 _a47 ص. ؛
_c30 سم.
504 _aببليوجرافية : ص. 41-47.
650 0 4 _aالارهاب الالكتروني
650 0 4 _aالانترنت
942 _2ddc
_cBK
999 _c62229
_d62229